|
|
|
|
| LEADER |
00000nam0a2200000 4500 |
| 001 |
342328 |
| 005 |
20231102005436.0 |
| 035 |
|
|
|a (RuTPU)RU\TPU\book\371063
|
| 090 |
|
|
|a 342328
|
| 100 |
|
|
|a 20190125d2018 km y0rusy50 ca
|
| 101 |
0 |
|
|a rus
|
| 102 |
|
|
|a RU
|
| 105 |
|
|
|a a z 011zy
|
| 200 |
1 |
|
|a Время от первого лица, или Есль ли в Томске медведи
|e сборник воспоминаний
|f Томская областная универсальная научная библиотека им. А. С. Пушкина (ТОУНБ) ; сост. Э К. Майданюк
|
| 210 |
|
|
|a Томск
|c Курсив
|d 2018
|
| 215 |
|
|
|a 208 с.
|c ил.
|
| 225 |
1 |
|
|a Жизнь замечательных томичей
|v Вып. 18
|
| 300 |
|
|
|a Посвящается 100-летию комсомола
|
| 320 |
|
|
|a Библиогр.: с. 185-194
|
| 320 |
|
|
|a Имен. указ.: с. 195-202
|
| 330 |
|
|
|a Сборник воспоминаний "Время от первого лица, или Есть ли в Томске медведи" содержит материалы, отражающие становление, развитие и расцвет эстрадного коллектива Томского политехнического института и Театра миниатюры и песни (МИП). В сборник включены воспоминания участников, краткая хроника деятельности (1955-2008 гг.), библиография, именной указатель и список сокращений. Для всех интересующихся историей Томска, историей самодеятельных молодёжных студенческих организаций. Сборник посвящен 100-летию со дня рождения комсомола.
|
| 606 |
1 |
|
|a Томский политехнический университет
|2 stltpush
|3 (RuTPU)RU\TPU\subj\67475
|9 83260
|
| 606 |
1 |
|
|a Эстрада
|2 stltpush
|3 (RuTPU)RU\TPU\subj\21452
|9 46447
|
| 610 |
1 |
|
|a история
|
| 610 |
1 |
|
|a Театр миниатюры и песни
|
| 610 |
1 |
|
|a МИП
|
| 610 |
1 |
|
|a вокальная музыка
|
| 610 |
1 |
|
|a музыкальная культура
|
| 610 |
1 |
|
|a воспоминания
|
| 610 |
1 |
|
|a 20 век
|
| 610 |
1 |
|
|a Томский технологический институт
|
| 610 |
1 |
|
|a политехники
|
| 610 |
1 |
|
|a эстрадные выступления
|
| 610 |
1 |
|
|a исполнители
|
| 610 |
1 |
|
|a музыкальные спектакли
|
| 610 |
1 |
|
|a самодеятельное творчество
|
| 610 |
1 |
|
|a Коллекция История ТПУ
|
| 675 |
|
|
|a 792.7
|v 4
|
| 686 |
|
|
|a Ч484(2)72ТПУ
|v LBC/SL-A
|2 rubbk
|
| 702 |
|
1 |
|a Майданюк
|b Э К.
|c томский краевед
|f 1939-
|g Эдуард Кондратьевич
|2 stltpush
|3 (RuTPU)RU\TPU\pers\37007
|4 220
|
| 712 |
0 |
2 |
|a Томская областная универсальная научная библиотека им. А. С. Пушкина (ТОУНБ)
|2 stltpush
|3 (RuTPU)RU\TPU\col\1204
|
| 801 |
|
1 |
|a RU
|b 63413507
|c 20190125
|
| 801 |
|
2 |
|a RU
|b 63413507
|c 20210204
|g RCR
|
| 942 |
|
|
|c BK
|